Data analysis in community and landscape ecology /
Guardado en:
| Otros Autores: | , , |
|---|---|
| Formato: | Libro |
| Idioma: | English |
| Publicado: |
Cambridge ; New York :
Cambridge University Press,
c1995.
|
| Edición: | New ed., with corr. |
| Etiquetas: |
Agregar Etiqueta
Sin Etiquetas, Sea el primero en etiquetar este registro!
|
| LEADER | 00735pam a2200193 a 4500 | ||
|---|---|---|---|
| 001 | EEA.libagro009409 | ||
| 005 | 20161013103426.0 | ||
| 008 | 940718s1995####enka#####b####001#0#eng## | ||
| 020 | |a 0521475740 | ||
| 082 | 0 | 0 | |a 574.50285 |
| 245 | 0 | 0 | |a Data analysis in community and landscape ecology / |c edited by R.H.G. Jongman, C.J.F. ter Braak & O.F.R. van Tongeren. |
| 250 | |a New ed., with corr. | ||
| 260 | |a Cambridge ; |a New York : |b Cambridge University Press, |c c1995. | ||
| 300 | |a xxi, 299 p. : |b il. ; |c 23 cm. | ||
| 504 | |a Incluye referencias bibliográficas (p. 275-290) e índice. | ||
| 700 | 1 | |a Jongman, R. H. | |
| 700 | 1 | |a Braak, C. J. F. ter. | |
| 700 | 1 | |a Van Tongeren, O. F. R. | |
| 859 | |a AR-BbBCA |b BIB. AGRONOMIA |h 574.50285 |i J79 |p 1997/2927 | ||
